Monthly labor review

Enregistré dans:
Détails bibliographiques
Format: Publication en série
Langue:anglais
Publié: Washington U.S. Department of labor 1981
Tags: Ajouter un tag
Pas de tags, Soyez le premier à ajouter un tag!

MARC

LEADER 00000nas2a2200000 4500
001 s123436
005 20250730114219.3
041 0 |a eng 
044 |a US 
245 1 0 |a Monthly labor review 
264 1 |a Washington  |b U.S. Department of labor  |c 1981 
300 |a 2 zv. 
773 0 |w eu_un_cat*s120959